000 00770nam a22002417a 4500
005 20170124110242.0
010 _aA-232555
020 _c00.00
_a0600342603
035 _aA-232555
037 _bCen Lib/Ret
040 _aDPL
_bEN
082 _a720.9
_bWOR
245 _aWorld Architecture :
_cedited by Trewin Copplestone...[et al.]
_ban Illustrated History from earliest times /
246 _b
260 _aLondon
_bHamlyn Publishing Group
_c1981
270 _bLondon
_aAstronaut house
300 _a348p. :
_c33cm(pbk)
_bill.
500 _aIncludes glossary and index
650 _aArchitecture -- History.
_995652
650 _aArquitetura (Historia)
_995653
700 _aCopplestone, Trewin
_995654
942 _2ddc
_cEN
_h720.9
_mWOR
999 _c135258
_d135258